TH-MS-ROLE OF HOST FACTORS TO ACHIEVE SUSTAINED VIROLOGICAL RESPONSE (SVR) IN CHRONIC HCV PATIENTS (Record no. 480857)

000 -LEADER
fixed length control field 00643nam a22001937a 4500
003 - CONTROL NUMBER IDENTIFIER
control field ASAB
005 - DATE AND TIME OF LATEST TRANSACTION
control field 20200203110504.0
008 - FIXED-LENGTH DATA ELEMENTS--GENERAL INFORMATION
fixed length control field 180511t xxu||||| |||| 00| 0 eng d
038 ## - RECORD CONTENT LICENSOR
Staff Name 0
040 ## - CATALOGING SOURCE
Transcribing agency ASAB
082 ## - DEWEY DECIMAL CLASSIFICATION NUMBER
Classification number 616
100 ## - MAIN ENTRY--PERSONAL NAME
Personal name Hafiz Madeha Khaliq-sup-Dr. Sobia Manzoor
9 (RLIN) 28251
245 ## - TITLE STATEMENT
Title TH-MS-ROLE OF HOST FACTORS TO ACHIEVE SUSTAINED VIROLOGICAL RESPONSE (SVR) IN CHRONIC HCV PATIENTS
Statement of responsibility, etc. Hafiz Madeha Khaliq-sup-Dr. Sobia Manzoor
260 ## - PUBLICATION, DISTRIBUTION, ETC.
Place of publication, distribution, etc. Islamabad
Name of publisher, distributor, etc. ASAB (NCVI)
Date of publication, distribution, etc. 2013
300 ## - PHYSICAL DESCRIPTION
Extent xxv, 95 P
Other physical details 30 cm
600 ## - SUBJECT ADDED ENTRY--PERSONAL NAME
Source of heading or term Virology and Immunology M.Phil-Thesis.
630 ## - SUBJECT ADDED ENTRY--UNIFORM TITLE
Uniform title Virology and Immunology
9 (RLIN) 13894
942 ## - ADDED ENTRY ELEMENTS (KOHA)
Source of classification or shelving scheme
Koha item type Thesis
Holdings
Withdrawn status Lost status Source of classification or shelving scheme Damaged status Not for loan Collection code Permanent Location Current Location Date acquired Total Checkouts Full call number Barcode Date last seen Date last checked out Price effective from Koha item type Shelving location
            Atta-ur-Rahman School of Applied Biosciences (ASAB) Atta-ur-Rahman School of Applied Biosciences (ASAB) 05/11/2018 1 Thesis 2013 HK ASABms-11-13 07/02/2018 06/29/2018 05/11/2018    
            Central Library (CL) Central Library (CL) 02/03/2020   616 CL-T-4892 02/03/2020   02/03/2020 Thesis Thesis
© 2023 Central Library, National University of Sciences and Technology. All Rights Reserved.